Perspectives on Africa's development (Record no. 81842)

MARC details
000 -LEADER
fixed length control field 00839nam a2200181 a 4500
008 - FIXED-LENGTH DATA ELEMENTS--GENERAL INFORMATION
fixed length control field 090918s2000 xx |||||||||||||| || u
050 ## - LIBRARY OF CONGRESS CALL NUMBER
Classification number UN-ECA(02)
110 ## - MAIN ENTRY--CORPORATE NAME
Corporate name or jurisdiction name as entry element United Nations Economic and Social Affairs (UNESA)
245 10 - TITLE STATEMENT
Title Perspectives on Africa's development
260 ## - PUBLICATION, DISTRIBUTION, ETC.
Place of publication, distribution, etc.
Name of publisher, distributor, etc. UNITED NATIONS
Date of publication, distribution, etc. 2000
300 ## - PHYSICAL DESCRIPTION
Extent vii, 277p.
350 ## -
-- 0.00
650 ## - SUBJECT ADDED ENTRY--TOPICAL TERM
Topical term or geographic name entry element DEVELOPMENT--AFRICA
650 ## - SUBJECT ADDED ENTRY--TOPICAL TERM
Topical term or geographic name entry element ECONOMIC DEVELOPMENT--GENDER ASPECTS--AFRICA
650 ## - SUBJECT ADDED ENTRY--TOPICAL TERM
Topical term or geographic name entry element AFRICA--ECONOMIC ASPECTS--DEVELOPMENT
995 ## -
-- SPECIAL COLLECTIONS
-- 0.00
-- 03006710
-- CBU-MAIN LIBRARY (Kitwe)
-- 1
-- 0.00
-- UN-ECA(02)2000/ 1B
-- 2
-- AVAILABLE
-- Jun 29, 2010
-- 03006710
-- International Publications
995 ## -
-- SPECIAL COLLECTIONS
-- 0.00
-- 03004550
-- CBU-MAIN LIBRARY (Kitwe)
-- 1
-- 0.00
-- UN-ECA(02)2000/ 1A
-- 1
-- AVAILABLE
-- Sep 30, 2009
-- 03004550
-- International Publications
999 ## -
-- 81842
-- 81842
Holdings
Withdrawn status Lost status Source of classification or shelving scheme Damaged status Not for loan Permanent Location Current Location Shelving location Date acquired Total Checkouts Full call number Barcode Date last seen Copy number Price effective from Koha item type
          CBU-MAIN LIBRARY, KITWE. CBU-MAIN LIBRARY, KITWE.   09/12/2023   UN-ECA(02)2000/1B 03006710 09/12/2023 1 09/12/2023 SPECIAL COLLECTION
          CBU-MAIN LIBRARY, KITWE. CBU-MAIN LIBRARY, KITWE.   09/12/2023   UN-ECA(02)2000/1A 03004550 09/12/2023 2 09/12/2023 SPECIAL COLLECTION